Statistics for Who Sang That Top Song of 1996?

Click here to take the quiz!

General Stats

  • This quiz has been taken 957 times
  • The average score is 6 of 15

Answer Stats

Hint Answer % Correct
Don't SpeakNo Doubt
87%
WannabeSpice Girls
84%
California Love2Pac
66%
IronicAlanis Morissette
61%
Don't Look Back in AngerOasis
59%
1979Smashing Pumpkins
57%
If It Makes You HappySheryl Crow
51%
Stupid GirlGarbage
48%
No DiggityBlackstreet
46%
One of UsJoan Osborne
28%
SalvationThe Cranberries
19%
In the MeantimeSpacehog
14%
One by OneCher
9%
Lucky LoveAce of Base
8%
One More ChanceMadonna
6%

Score Distribution

Percentile by Number Answered

Percent of People with Each Score

Your Score History

You have not taken this quiz